Balance y perspectivas de la cooperación descentralizada entre gobiernos locales euromediterráneos /
Descripción Física:
82 p. , gràf. ; 30 cm
MARC
| LEADER | 00000nam a2200000Ia 4500 | ||
|---|---|---|---|
| 001 | 17177 | ||
| 008 | 160829s2005 xx 000 0 cat d | ||
| 080 | |a M-5-172 | ||
| 245 | |a Balance y perspectivas de la cooperación descentralizada entre gobiernos locales euromediterráneos / |c [coordinació: Direcció de Serveis de Relacions Internacionals de la Diputació de Barcelona] | ||
| 260 | |a Barcelona : |b Diputació de Barcelona, |c 2005 | ||
| 300 | |a 82 p. , gràf. ; |c 30 cm | ||
| 590 | |a Bibliografia p.79-82 | ||
| 650 | |a Comunitat Econòmica Europea, Països de la |x Relacions |9 28434 | ||
| 650 | |a Cooperació mediterrània |9 19735 | ||
| 651 | 0 | |a Mediterrània, Regió |9 51010 | |
| 710 | |a Barcelona (Catalunya : Província). |b Direcció de Serveis de Relacions Internacionals |9 53455 | ||
| 901 | |a Arxiu | ||
| 942 | |n 1 | ||
| 952 | |0 0 |1 0 |4 0 |6 M5172 |7 1 |9 41316 |a Arxiu |b Arxiu |d 2016-12-01 |l 0 |o M-5-172 |p 17177 |r 2016-12-01 00:00:00 |w 2016-12-01 |y ARXIU | ||
| 999 | |c 43099 |d 43099 | ||